| 000 | 01030nam a2200277 a 4500 | ||
|---|---|---|---|
| 001 | 000026657 | ||
| 005 | 20200930030333.0 | ||
| 008 | 110324s1943 dr 000 0 spa d | ||
| 040 |
_aDO-SdBNP _bspa _cBNPHU |
||
| 041 | 0 | 7 |
_alat _bspa |
| 082 |
_a580.9723 _bM896c |
||
| 100 | 1 |
_aMoscoso, R. M. _923968 |
|
| 245 | 1 | 0 |
_aCatalogus florae domingensis = _b(Catálogo de la flora dominicana) / _cpor R. M. Moscoso. |
| 246 | 1 | 1 | _aCatálogo de la flora dominicana |
| 260 |
_aNew York : _bUniversidad de Santo Domingo, _c1943. |
||
| 300 |
_av.- ; _c24 cm. |
||
| 650 | 2 | 4 |
_aFlora dominicana _921009 |
| 650 | 2 | 4 |
_aBotánica dominicana _953777 |
| 651 | 4 |
_aRepública Dominicana _xHistoria _9170 |
|
| 651 | 4 |
_aSanto Domingo (Isla{Rpara} _xHistoria _953778 |
|
| 651 | 4 |
_aLa Hispaniola (Isla{Rpara} _xHistoria _953779 |
|
| 650 | 2 | 4 |
_aBotánicos _zLa Hispaniola (Isla{Rpara} _953780 |
| 650 | 2 | 4 |
_aBotánicos _zSanto Domingo (Isla{Rpara} _953781 |
| 650 | 2 | 4 |
_aEspecies botánicas dominicanas _953782 |
| 650 | 2 | 4 |
_aPlantas endémicas dominicanas _953783 |
| 999 |
_c26149 _d26149 |
||